000 00341nam a22001457a 4500
008 230512b ||||| |||| 00| 0 eng d
020 _a9780521030793
041 _aeng
080 _a34
082 _a34FAR
100 _a31
101 _aJUR
245 _aEARLY PREVENTION OF ADULT ANTISOCIAL BEHAVIOUR
_cFARRINGTON.P.D
942 _2udc
_cBK
999 _c59682
_d59682